000 00585nam a2200205 a 4500
001 18730
003 CO-ViMGA
008 141112s2004 ck r 000 u spa d
020 _a8480195169
040 _aCO-ViMGA
_bspa
_cCO-ViMGA
082 0 4 _a615.533 D321
100 1 _aDe Coster, Marc; Pollaris, Annemie
_926686
245 1 0 _aOsteopatia Visceral
260 _aBarcelona :
_bPaidotribo; 2001
300 _a171 p.
590 _aForma de adquisición : Premio Min - cultura
650 1 4 _aOSTEOPATIA - ORGANOS INTERNOS
_926687
650 1 4 _aTERAPIA VISCERAL
_926688
942 _2ddc
_cBK
999 _c27963
_d27963